Movies Quiz

Random Movies or Star Wars Quiz
Score 0/36 Timer 10:00
0 Plays Today
Hint Answer % Correct
Luke SkywalkerMark Hamill
95.6%
Han SoloHarrison Ford
91.2%
Leia OrganaCarrie Fisher
90.4%
Obi-Wan KenobiEwan McGregor
89.5%
Padme AmidalaNatalie Portman
88.6%
Qui-Gon JinnLiam Neeson
86%
Obi-Wan KenobiAlec Guiness
78.9%
Mace WinduSamuel L. Jackson
78.9%
Anakin SkywalkerHayden Christensen
75.4%
C-3POAnthony Daniels
73.7%
Count DookuChristopher Lee
73.7%
YodaFrank Oz
72.8%
R2-D2Kenny Baker
70.2%
Darth VaderDavid Prowse
69.3%
ChewbaccaPeter Mayhew
69.3%
Anakin SkywalkerJake Lloyd
68.4%
Wicket the EwokWarwick Davis
65.8%
Darth MaulRay Park
59.6%
Hint Answer % Correct
Lando CalrissianBilly Williams
59.6%
The EmperorIan McDiarmid
58.8%
Jar Jar BinksAhmed Best
47.4%
Jango FettTemuera Morrison
38.6%
General GrievousMatthew Wood
37.7%
Boba FettJeremy Bulloch
36.8%
Shmi SkywalkerPernilla August
36.8%
Admiral AckbarTim Rose
32.5%
Owen LarsJoel Edgerton
32.5%
Ki-Adi MundiSilas Carson
27.2%
Owen LarsPhil Brown
25.4%
Jabba the HuttLarry Ward
24.6%
Beru LarsShelagh Fraser
21.9%
WattoAndy Secombe
19.3%
Beru LarsBonnie Piesse
18.4%
GreedoPaul Blake
16.7%
Ahsoka TanoAshley Eckstein
15.8%
Boba FettJason Wingreen
14.9%
Come Together.
Have Fun.
All Virtual.
We all need to come together. Play Sporcle's virtual live trivia to have fun, connect with people, and get your trivia on. Join a live hosted trivia game for your favorite pub trivia experience done virtually. If a virtual private party is more your thing, go here for details.

You're not logged in!

Compare scores with friends on all Sporcle quizzes.
OR
Log In

Sporcle TV

Today on Sporcle TV


Watch our educational content, quiz creation guides, and fun videos on Sporcle TV.

Show Comments

Extras

Top Quizzes Today


Score Distribution

Paid Content

Your Account Isn't Verified!

In order to create a playlist on Sporcle, you need to verify the email address you used during registration. Go to your Sporcle Settings to finish the process.

Report this User

Report this user for behavior that violates our Community Guidelines.

Details: